Mirar el Niagara : huellas culturales entre Cuba y los Estados Unidos /
Bewaard in:
| Hoofdauteur: | |
|---|---|
| Formaat: | Onbekend |
| Taal: | Spanish |
| Gepubliceerd in: |
Ciudad de La Habana :
Centro de Investigación y Desarrollo de la Cultura Cubana Juan Marinello,
2000.
|
| Onderwerpen: | |
| Tags: |
Voeg label toe
Geen labels, Wees de eerste die dit record labelt!
|
MARC
| LEADER | 000000000a22000000004500 | ||
|---|---|---|---|
| 001 | 011382 | ||
| 020 | |a 9592420203 | ||
| 041 | 0 | |a spa | |
| 082 | 0 | 4 | |a 327.730 |b H558h |
| 100 | 1 | |a Hernández, Rafael | |
| 245 | 1 | 0 | |a Mirar el Niagara : |b huellas culturales entre Cuba y los Estados Unidos / |c Rafael Hernández. |
| 260 | 1 | |a Ciudad de La Habana : |b Centro de Investigación y Desarrollo de la Cultura Cubana Juan Marinello, |c 2000. | |
| 300 | |a 468 páginas | ||
| 500 | |a Colección George Yúdice | ||
| 650 | 4 | |a ESTADOS UNIDOS | |
| 650 | 4 | |a RELACIONES | |
| 650 | 4 | |a CUBA | |
| 999 | |c 16675 |d 16675 | ||
| 942 | |c BK |h 327.730 H558h |2 z | ||



